Summer schools MATLAB 94, 95 : proceedings /
Guardado en:
| Autores Corporativos: | , |
|---|---|
| Otros Autores: | |
| Formato: | Libro |
| Idioma: | English |
| Publicado: |
Brno :
Masaryk University,
1997.
|
| Series: | Folia Facultatis Scientiarum Naturalium Universitatis Masarykianae Brunensis. Mathematica ;
5 |
| Etiquetas: |
Agregar Etiqueta
Sin Etiquetas, Sea el primero en etiquetar este registro!
|
| LEADER | 02562nam a22002295a 4500 | ||
|---|---|---|---|
| 001 | MAT.inmabb004977 | ||
| 008 | 080822s1997####xr#a#####b####100#0#eng#d | ||
| 005 | 20170530114106.0 | ||
| 245 | 0 | 0 | |a Summer schools MATLAB 94, 95 : |b proceedings / |c edited by Ivana Horová. |
| 260 | |a Brno : |b Masaryk University, |c 1997. | ||
| 300 | |a ii, 209 p. : |b il. ; |c 25 cm. | ||
| 440 | 0 | |a Folia Facultatis Scientiarum Naturalium Universitatis Masarykianae Brunensis. |p Mathematica ; |v 5 | |
| 500 | |a "MATLAB 94 was held in Velké Karlovice, August 27-31, 1994, and MATLAB 95 was held in Cerínek, August 28-September 1, 1995"--Introduction. | ||
| 504 | |a Incluye referencias bibliográficas. | ||
| 505 | 0 | |a Marie Budíková, Confidence intervals for the kernel estimator of the regression function in the stochastic design model -- Ivana Horová and Marie Budíková, Multivariate kernel estimators -- Ivana Horová, Boundary kernels -- J. Kobza and R. Ku v cera [Radek Ku v cera], Spline toolbox in MATLAB -- Ji v rí Kobza, Quadratic and quartic splines in MATLAB -- Lubomír Kubá v cek, Some statistical properties of MINQUE -- Ludmila Kubá v cková, Efficient transformation of data influenced by systematic effects -- Pavla Kunderová, Multivariate linear model with nuisance parameters -- Jaroslav Michálek, Application of kernel smoothing to additive models -- Jaroslav Michálek, Kernel smoothing with variable bandwidth -- Lubo v s Bauer and Miloslav Mikulík, The least squares problem with linear equality constraints -- Miloslav Mikulík, The algorithm for cubic spline of the prescribed shape for the given data -- Miloslav Mikulik, Shape preserving $C1$ cubic splines -- Ladislav Skula, Application of generalized inverses in linear models -- Ladislav Skula, Involutions of matrices and generalized least squares solution -- Jan v Stecha and Vladimír Havlena, Smoothing in simultaneous state and parameter estimation in a linear system -- Osvald Va v sí v cek, Bayesian identification of macroeconomic model -- Petr Vesel 'y, Structure and reliability of binary systems -- Vít v ezslav Vesel 'y, Kernel smoothing as a regularization of a singular distribution -- Ji v rí Zelinka, Boundary kernels: usage and results -- Ji v rí Zelinka, Multivariate density estimation. | |
| 510 | 4 | |a MR, |c 99a:00042 | |
| 020 | |a 8021015179 | ||
| 700 | 1 | |a Horová, Ivana. |4 edt | |
| 711 | 2 | |a Summer School MATLAB 94 |d (1994 : |c Velké Karlovice) | |
| 711 | 2 | |a Summer School MATLAB 95 |d (1995 : |c Cerínek) | |
| 084 | |a 00B25 (62-06 65-06) |2 MR | ||
| 859 | |h 65 |i Su955-1994 |p A-7575 |b BIB. MATEMATICA | ||
